000 00458nam a2200133 4500
999 _c9043
_d9043
008 180405b ||||| |||| 00| 0 eng d
082 _aDPer 050 Dec 2015-Mar 2016 T48 v186-187
100 _927166
_aVick, Karl.
245 _aBe afraid. be, well, only a little afraid/
_cKarl Vick.
260 _aNew York:
_bTime Inc.,
_c©Dec 2015-Mar 2016.
300 _av187 n5, page 46:
_billustrations;
_c27 cm.
650 0 _927167
_aTerrorism
_xBooks.
942 _2ddc
_cPER